Educational technology 2 / (Record no. 297)

MARC details
000 -LEADER
fixed length control field 00614nam a2200217 4500
003 - CONTROL NUMBER IDENTIFIER
control field OSt
005 - DATE AND TIME OF LATEST TRANSACTION
control field 20251117134221.0
008 - FIXED-LENGTH DATA ELEMENTS--GENERAL INFORMATION
fixed length control field 240606b |||||||| |||| 00| 0 eng d
020 ## - INTERNATIONAL STANDARD BOOK NUMBER
International Standard Book Number 9716857474
040 ## - CATALOGING SOURCE
Original cataloging agency DWCL-Main lib.
Transcribing agency OC
082 ## - DEWEY DECIMAL CLASSIFICATION NUMBER
Edition number second edition
Classification number Fil. 371.66 L963e 2012
006 - FIXED-LENGTH DATA ELEMENTS--ADDITIONAL MATERIAL CHARACTERISTICS
fixed length control field a
100 ## - MAIN ENTRY--PERSONAL NAME
Personal name Lucido, Paz I
245 ## - TITLE STATEMENT
Title Educational technology 2 /
250 ## - EDITION STATEMENT
Edition statement second edition
260 ## - PUBLICATION, DISTRIBUTION, ETC.
Place of publication, distribution, etc. Quezon City :
Name of publisher, distributor, etc. Lorimar Pub.,
Date of publication, distribution, etc. c2012.
300 ## - PHYSICAL DESCRIPTION
Extent vii,
Other physical details 120 p. : ill. ;
Dimensions 25 cm.
650 ## - SUBJECT ADDED ENTRY--TOPICAL TERM
Topical term or geographic name entry element 1. Educational technology.
700 ## - ADDED ENTRY--PERSONAL NAME
Personal name Paz I Lucido
942 ## - ADDED ENTRY ELEMENTS (KOHA)
Source of classification or shelving scheme Dewey Decimal Classification
Suppress in OPAC No
Koha item type Book-Filipiniana
Edition second edition
Call number prefix Fil.
Holdings
Withdrawn status Lost status Source of classification or shelving scheme Damaged status Not for loan Home library Current library Shelving location Date acquired Source of acquisition Total Checkouts Full call number Barcode Date last seen Copy number Price effective from Koha item type Uniform Resource Identifier
    Dewey Decimal Classification     College Library College Library Filipiniana 07/25/2013 School Fund   Fil. 371.66 L963e 2012 50167 06/06/2024 c1 06/06/2024 Book-Filipiniana
    Dewey Decimal Classification     College Library College Library Filipiniana 05/13/2014 School Fund   Fil. 371.66 L963e 2012 50794 06/06/2024 c3 06/06/2024 Book-Filipiniana
    Dewey Decimal Classification     College Library College Library Filipiniana 07/25/2013 School Fund   Fil. 371.66 L963e 2012 50169 06/10/2024 c2 06/06/2024 Book-Filipiniana
    Dewey Decimal Classification     College Library College Library Filipiniana 05/05/2045 SF   Fil. 371.66 L963e 2012 CL50794 11/17/2025   11/17/2025 Book-Filipiniana